000 00552nam a2200193Ia 4500
003 OSt
005 20251217141823.0
008 221004b |||||||| |||| 00| 0 san d
037 _cTB
040 _aCRL
_cCRL
_bsan
041 _2san
_asan
084 _aO15,1A1 111L0
_qCL
100 _aMandhata, Krushna Chandra Singh
_9629776
245 0 _aFoot prints of Sri Rama
260 _c1970
650 _aSANSKRIT LITERATURE
_9857403
942 _hO15:1A1 111L0
_cTB
_2CC
_n0
999 _c1039409
_d1039409